[Event "Qatar Masters Open 2023"]
[Site "Doha QAT"]
[Date "2023.10.12"]
[Round "2.61"]
[White "Dragicevic, Drazen"]
[Black "Aayush, Bhattacherjee"]
[Result "1-0"]
[WhiteTitle "FM"]
[BlackTitle "FM"]
[WhiteElo "2354"]
[BlackElo "2444"]
[WhiteFideId "1707922"]
[BlackFideId "35029070"]
[EventDate "2023.10.11"]

1. e4 d5 2. exd5 Qxd5 3. Nc3 Qd6 4. d4 Nf6 5. Nf3 Bg4 6. h3 Bh5 7. g4 Bg6 8. Ne5
c6 9. Bf4 Qd8 10. h4 Be4 11. Nxe4 Nxe4 12. Bc4 Nd6 13. Bb3 Nd7 14. Qe2 e6 15.
O-O-O Qe7 16. Rhe1 h5 17. d5 cxd5 18. Ba4 b5 19. Bg5 f6 20. Ng6 Qf7 21. Nxh8 Qg8
22. Qxe6+ Qxe6 23. Rxe6+ Kd8 24. Bf4 Nc5 25. Rxd6+ Bxd6 26. Nf7+ Kd7 27. Bxb5+ 1-0

[Event "Qatar Masters Open 2023"]
[Site "Doha QAT"]
[Date "2023.10.12"]
[Round "2.62"]
[White "Srihari, L R"]
[Black "Mammadova, Gulnar"]
[Result "1-0"]
[WhiteTitle "IM"]
[BlackTitle "IM"]
[WhiteElo "2438"]
[BlackElo "2346"]
[WhiteFideId "46617116"]
[BlackFideId "13403508"]
[EventDate "2023.10.11"]

1. d4 Nf6 2. c4 e6 3. g3 d5 4. Bg2 Be7 5. Nf3 O-O 6. O-O dxc4 7. Qc2 a6 8. a4
Bd7 9. Qxc4 Bc6 10. Bg5 Nbd7 11. Nc3 a5 12. Rfd1 h6 13. Bxf6 Nxf6 14. Qb3 Rb8
15. Ne5 Bxg2 16. Kxg2 c6 17. e3 Bb4 18. Na2 Be7 19. Nc3 Bb4 20. Kg1 Qe7 21. Rac1
Rfd8 22. Ne2 Bd6 23. Nf4 Nd7 24. Nfd3 Bc7 25. Nxd7 Qxd7 26. Qc4 Qd5 27. Qxd5
exd5 28. Nc5 Bd6 29. Rd3 b6 30. Nb3 Bb4 31. Rxc6 Rdc8 32. Rc1 Rc4 33. Rdd1 b5
34. axb5 Rxb5 35. Rxc4 dxc4 36. Nd2 c3 37. bxc3 Bxc3 38. Ne4 Bb4 39. Rb1 Rd5 40.
g4 Kf8 41. Kf1 Rd8 42. Ke2 Rc8 43. Kd3 Ke7 44. h4 Ke6 45. f3 Kd5 46. h5 f6 47.
Ra1 Ke6 48. Ng3 Ra8 49. Ra4 Kd5 50. Nf5 Ra7 51. e4+ Kc6 52. d5+ Kb5 53. Ra1 Kc5
54. Rc1+ Kb6 55. Nd4 Ra8 56. Kc4 Kc7 57. Kb5+ Kd6 58. Rc6+ Kd7 59. Ne6 Bd6 60.
Ka4 Rb8 61. Nxg7 Rb4+ 62. Kxa5 Rb3 63. Nf5 Bc7+ 64. Ka4 Rxf3 65. Rxf6 Rf4 66.
Rf7+ Kd8 67. Nxh6 Rxe4+ 68. Kb5 Be5 69. g5 Bf4 70. Rxf4 Rxf4 71. g6 1-0

[Event "Qatar Masters Open 2023"]
[Site "Doha QAT"]
[Date "2023.10.12"]
[Round "2.63"]
[White "Nagarkatte Vedant"]
[Black "Vantika, Agrawal"]
[Result "0-1"]
[WhiteTitle "FM"]
[BlackTitle "IM"]
[WhiteElo "2345"]
[BlackElo "2435"]
[WhiteFideId "25636227"]
[BlackFideId "25050389"]
[EventDate "2023.10.11"]

1. e4 c5 2. Nf3 d6 3. d4 cxd4 4. Nxd4 Nf6 5. Nc3 a6 6. Be3 e5 7. Nb3 Be7 8. f3
Be6 9. Qd2 O-O 10. O-O-O Nbd7 11. g4 b5 12. Nd5 Bxd5 13. exd5 Nb6 14. Na5 Nfxd5
15. Nc6 Qc7 16. Nxe7+ Qxe7 17. Bxb6 Nxb6 18. Qxd6 Qg5+ 19. Qd2 Qf6 20. g5 Qe7
21. Qe3 Rfd8 22. Bd3 Nd5 23. Bxh7+ Kxh7 24. Rxd5 Rxd5 25. Qe4+ g6 26. Qxd5 Rd8
27. Qe4 Qxg5+ 28. Kb1 Rd4 29. Qb7 Qf6 30. Re1 Kg7 31. a3 Qd6 32. Kc1 b4 33. axb4
Rxb4 34. Qc8 Ra4 35. Kb1 Qd2 36. Qc3 Qxc3 37. bxc3 Kf6 38. Kb2 Rf4 39. Re3 a5
40. Kc1 Ke6 41. Rd3 g5 42. Kb2 a4 43. Ka3 Rc4 44. Kb2 g4 45. fxg4 Rxg4 46. Rd8
Rc4 47. Ra8 f5 48. Ra6+ Kd5 49. Ra5+ Ke4 50. Kc1 Kf4 51. Kd2 e4 52. h4 Kg4 53.
h5 f4 54. h6 Rc6 55. Rxa4 Kf3 56. h7 Rh6 57. Ra7 Rh2+ 58. Kc1 e3 59. c4 Rh1+ 60.
Kb2 e2 61. Ra1 Rxh7 0-1

[Event "Qatar Masters Open 2023"]
[Site "Doha QAT"]
[Date "2023.10.12"]
[Round "2.64"]
[White "Rohith, Krishna S"]
[Black "Sattarov, Bobir"]
[Result "1-0"]
[WhiteTitle "IM"]
[BlackTitle "IM"]
[WhiteElo "2434"]
[BlackElo "2341"]
[WhiteFideId "46617051"]
[BlackFideId "14203081"]
[EventDate "2023.10.11"]

1. d4 d6 2. Nf3 Nf6 3. g3 c5 4. Bg2 cxd4 5. Nxd4 e5 6. Nb3 h6 7. c4 a5 8. Nc3
Be7 9. Nd2 O-O 10. O-O Nc6 11. b3 Kh8 12. Ba3 Nb4 13. Nde4 Nxe4 14. Bxe4 f5 15.
Bg2 e4 16. Nd5 Nxd5 17. Qxd5 Qb6 18. Rad1 Ra6 19. Kh1 a4 20. b4 Qc6 21. b5 Qxd5
22. Rxd5 Rb6 23. Rfd1 Be6 24. e3 Rc8 25. Bf1 Bxd5 26. Rxd5 g6 27. Kg2 Kg8 28.
Bb4 Ra8 29. a3 Kf7 30. f3 exf3+ 31. Kxf3 Ke6 32. e4 Rc8 33. exf5+ gxf5 34. Bd3
Rc5 35. Bxf5+ Kf6 36. Bxc5 dxc5 37. Bc8 Kf7 38. Ke4 Rf6 39. Bxb7 Re6+ 40. Re5
Rxe5+ 41. Kxe5 Bf6+ 42. Kd6 Bb2 43. Bc6 1-0

[Event "Qatar Masters Open 2023"]
[Site "Doha QAT"]
[Date "2023.10.12"]
[Round "2.65"]
[White "Seemann, Jakub"]
[Black "Balajayeva, Khanim"]
[Result "0-1"]
[WhiteTitle "IM"]
[BlackTitle "IM"]
[WhiteElo "2431"]
[BlackElo "2340"]
[WhiteFideId "21874697"]
[BlackFideId "13406396"]
[EventDate "2023.10.11"]

1. e4 e5 2. Nf3 Nc6 3. Bc4 Nf6 4. d3 Bc5 5. Nc3 h6 6. h3 d6 7. Na4 a6 8. Nxc5
dxc5 9. a4 Qe7 10. Be3 b6 11. Nd2 Be6 12. Bxe6 Qxe6 13. O-O a5 14. f4 exf4 15.
Bxf4 O-O-O 16. Qe1 Nd4 17. Rc1 Rhe8 18. Qf2 Qa2 19. b3 Nxc2 20. Bxc7 Kxc7 21.
Qg3+ Kb7 22. Qxg7 Nd4 23. Rf2 Nd7 24. Nc4 Qxb3 25. Rxf7 Ne2+ 26. Kh2 Qxd3 27.
Qg6 Kb8 28. Rxd7 Qxd7 29. Rb1 Re6 30. Rxb6+ Rxb6 31. Qxb6+ Kc8 32. e5 Qc7 33.
Qa6+ Kb8 34. Qxh6 Nd4 35. Qa6 Rg8 36. g4 Re8 37. Qf6 Nc6 0-1

[Event "Qatar Masters Open 2023"]
[Site "Doha QAT"]
[Date "2023.10.12"]
[Round "2.66"]
[White "Aaryan, Varshney"]
[Black "Venkatesh, M.R."]
[Result "1/2-1/2"]
[WhiteTitle "FM"]
[BlackTitle "GM"]
[WhiteElo "2339"]
[BlackElo "2428"]
[WhiteFideId "45048975"]
[BlackFideId "5005779"]
[EventDate "2023.10.11"]

1. d4 Nf6 2. c4 e6 3. Nf3 Bb4+ 4. Bd2 Qe7 5. g3 Nc6 6. Nc3 Bxc3 7. Bxc3 Ne4 8.
Rc1 O-O 9. Bg2 Nxc3 10. Rxc3 a5 11. O-O d6 12. d5 Nb4 13. a3 Na6 14. dxe6 fxe6
15. Nd4 e5 16. Nb5 Rf6 17. Rc1 c6 18. Nc3 Bf5 19. Na4 Nc7 20. b4 e4 21. Nc3 axb4
22. axb4 Qe5 23. Qd2 Na6 24. Na4 Re8 25. f4 exf3 26. exf3 Qe3+ 27. Qxe3 Rxe3 28.
b5 Nb4 29. Rfe1 Rfe6 30. Rxe3 Rxe3 31. f4 Ra3 32. Nb6 Nd3 33. Rd1 Rb3 34. Na8
Bg4 35. Ra1 Nb4 36. Nb6 h5 37. h3 Bf5 38. Ra8+ Kh7 39. g4 hxg4 40. hxg4 Bxg4 41.
Be4+ g6 42. Ra7 Kh6 43. Rxb7 cxb5 44. cxb5 Nd3 45. Bxd3 Rxd3 46. Nd7 Bxd7 47.
Rxd7 Rb3 48. Rxd6 Rxb5 1/2-1/2

[Event "Qatar Masters Open 2023"]
[Site "Doha QAT"]
[Date "2023.10.12"]
[Round "2.67"]
[White "Saydaliev, Saidakbar"]
[Black "Goh, Zi Han"]
[Result "1-0"]
[WhiteTitle "IM"]
[BlackTitle "FM"]
[WhiteElo "2426"]
[BlackElo "2334"]
[WhiteFideId "14203693"]
[BlackFideId "5819156"]
[EventDate "2023.10.11"]

1. e4 c5 2. Nf3 d6 3. d4 cxd4 4. Nxd4 Nf6 5. Nc3 a6 6. Be3 e5 7. Nb3 Be6 8. h3
Be7 9. Qf3 b5 10. g4 b4 11. Nd5 Nxd5 12. exd5 Bc8 13. a3 bxa3 14. Rxa3 Bg5 15.
Bb5+ Bd7 16. Bd3 O-O 17. Na5 Bxe3 18. Qxe3 f5 19. Nc4 Bb5 20. Qb6 Bxc4 21. Qxd8
Rxd8 22. Bxc4 Nd7 23. Kd2 Rdb8 24. gxf5 Nc5 25. b3 Ra7 26. f4 exf4 27. Rf1 Re7
28. Rxf4 Rbe8 29. b4 Ne4+ 30. Kc1 Rc7 31. Bxa6 Nc3 32. Rc4 Nxd5 33. Rd3 Ra7 34.
Bb5 Re1+ 35. Kd2 Raa1 36. Rc8+ Kf7 37. Rxd5 Rad1+ 38. Kc3 Rxd5 39. Bc4 Re3+ 40.
Kb2 Re5 41. b5 Kf6 42. Bxd5 Rxd5 43. c4 Rd2+ 44. Kc3 Rh2 45. b6 Rxh3+ 46. Kc2
Rh2+ 47. Kc1 Rh1+ 48. Kb2 Rh2+ 49. Ka3 Rh3+ 50. Ka4 Rh1 51. b7 Ra1+ 52. Kb5 Rb1+
53. Kc6 1-0

[Event "Qatar Masters Open 2023"]
[Site "Doha QAT"]
[Date "2023.10.12"]
[Round "2.68"]
[White "Aziz, Husain"]
[Black "Lagunow, Raphael"]
[Result "0-1"]
[WhiteTitle "IM"]
[BlackTitle "IM"]
[WhiteElo "2328"]
[BlackElo "2425"]
[WhiteFideId "12100293"]
[BlackFideId "24652644"]
[EventDate "2023.10.11"]

1. e4 e5 2. Nf3 Nc6 3. Nc3 Nf6 4. Bb5 Nd4 5. Nxd4 exd4 6. e5 dxc3 7. exf6 Qxf6
8. dxc3 Bc5 9. O-O O-O 10. Bd3 d6 11. Qh5 h6 12. Qe2 Qe6 13. Re1 Re8 14. Bd2
Qxe2 15. Rxe2 Rxe2 16. Bxe2 a5 17. Bd3 a4 18. Re1 Be6 19. a3 d5 20. Be3 Bxe3 21.
Rxe3 c5 22. f4 c4 23. Be2 Ra6 24. Bf3 g6 25. g4 Rb6 26. f5 gxf5 27. gxf5 Bxf5
28. Bxd5 Rxb2 29. Bxc4 Bxc2 30. Re7 Bg6 31. Bd5 b5 32. Re3 Rb3 33. Bc6 Rxa3 34.
Bxb5 Ra1+ 35. Kf2 a3 36. Re8+ Kg7 37. Ra8 Be4 38. Ra7 Bd5 39. c4 Be6 40. Kg3 a2
41. Kh4 Rb1 42. Rxa2 Rxb5 43. Rg2+ Rg5 0-1

[Event "Qatar Masters Open 2023"]
[Site "Doha QAT"]
[Date "2023.10.12"]
[Round "2.69"]
[White "Singh, Ojasva"]
[Black "Njili, Kamel"]
[Result "0-1"]
[WhiteTitle "FM"]
[BlackTitle "IM"]
[WhiteElo "2324"]
[BlackElo "2423"]
[WhiteFideId "25681958"]
[BlackFideId "5500869"]
[EventDate "2023.10.11"]

1. e4 c5 2. Nf3 d6 3. d4 cxd4 4. Nxd4 Nf6 5. Nc3 a6 6. h3 e5 7. Nb3 Be7 8. g4 h6
9. Be3 b5 10. a4 bxa4 11. Rxa4 Nbd7 12. Bb5 O-O 13. Bc6 Rb8 14. Ba7 Rxb3 15.
cxb3 Qc7 16. Bxd7 Bxd7 17. Be3 Bxa4 18. bxa4 Rb8 19. Bc1 Qc6 20. Qf3 Rb4 21. O-O
Nxe4 22. Rd1 Rc4 23. Nd5 Bd8 24. Be3 Qxa4 25. Kg2 Qb3 26. Ra1 a5 27. Qf5 Qb7 28.
b3 g6 29. Qf3 Qxb3 30. Rxa5 Qb7 31. Bb6 Bxb6 32. Rb5 Rd4 33. Nxb6 Qa6 34. Qb3
Nd2 35. Qb2 Qb7+ 36. Kh2 Qf3 0-1

[Event "Qatar Masters Open 2023"]
[Site "Doha QAT"]
[Date "2023.10.12"]
[Round "2.70"]
[White "Brendel, Oliver"]
[Black "Viani, Antonio Dcunha"]
[Result "0-1"]
[WhiteTitle "IM"]
[BlackTitle "IM"]
[WhiteElo "2316"]
[BlackElo "2410"]
[WhiteFideId "4602048"]
[BlackFideId "5027330"]
[EventDate "2023.10.11"]

1. c4 Nf6 2. Nc3 g6 3. g3 Bg7 4. Bg2 O-O 5. e4 c5 6. Nge2 Nc6 7. d3 a6 8. O-O
Rb8 9. a4 d6 10. h3 Ne8 11. Be3 Nd4 12. Rb1 Bd7 13. b4 Nc7 14. b5 b6 15. Kh2 f5
16. f4 axb5 17. Nxb5 Nce6 18. Nexd4 Nxd4 19. Bxd4 cxd4 20. Qb3 fxe4 21. Bxe4 Kh8
22. Rbe1 Qc8 23. Bg2 Re8 24. Qa3 Bf6 25. Re2 Rg8 26. Rfe1 Rg7 27. h4 h6 28. Re4
g5 29. fxg5 hxg5 30. hxg5 Bxg5 31. Nxd4 Rh7+ 32. Kg1 Bf6 33. Qc1 Qc5 34. Qe3 Rg8
35. Ne2 Bxa4 36. d4 Qxc4 37. d5 Qb3 38. Qf4 Bb5 39. Nd4 Qxd5 40. Re5 dxe5 0-1

[Event "Qatar Masters Open 2023"]
[Site "Doha QAT"]
[Date "2023.10.12"]
[Round "2.71"]
[White "Munkhdalai, Amilal"]
[Black "Dixit, Nikhil"]
[Result "1-0"]
[WhiteTitle "FM"]
[BlackTitle "FM"]
[WhiteElo "2409"]
[BlackElo "2327"]
[WhiteFideId "4903250"]
[BlackFideId "5059534"]
[EventDate "2023.10.11"]

1. e4 e6 2. d4 d5 3. Nd2 c5 4. exd5 exd5 5. Ngf3 Nf6 6. Bb5+ Bd7 7. Bxd7+ Nbxd7
8. O-O Be7 9. dxc5 Nxc5 10. Nb3 Nce4 11. Nfd4 Qd7 12. f3 Nd6 13. Nc5 Qc7 14. Nd3
O-O 15. c3 Rfe8 16. Re1 h6 17. Bf4 Qb6 18. Qb3 Nc4 19. Qxb6 Nxb6 20. Nb5 Bf8 21.
Rxe8 Nxe8 22. Be3 Nc8 23. Re1 a6 24. Bc5 Ncd6 25. Nxd6 Nxd6 26. Re5 Nc4 27. Rxd5
Bxc5+ 28. Rxc5 b5 29. b3 Rd8 30. Nb4 Rd1+ 31. Kf2 Nb2 32. Rc8+ Kh7 33. Nxa6 Rd2+
34. Kf1 f5 35. Nb4 f4 36. Re8 Nd1 37. Ke1 Rd6 38. Rc8 Ne3 39. g3 Rd1+ 40. Ke2
Rh1 41. gxf4 Nf5 42. Rc5 Rxh2+ 43. Kd3 Nh4 44. Rxb5 Nxf3 45. a4 Rb2 46. Nc2 Kg6
47. Nd4 Nxd4 48. Kxd4 h5 49. b4 h4 50. Rg5+ Kh6 51. Rg4 Kh5 52. Rxg7 h3 53. a5
Rg2 54. Rh7+ Kg4 55. a6 Ra2 56. b5 Kg3 57. c4 h2 58. f5 Kg2 59. f6 1-0

[Event "Qatar Masters Open 2023"]
[Site "Doha QAT"]
[Date "2023.10.12"]
[Round "2.72"]
[White "Kwon, Sehyun"]
[Black "Krishna, C R G"]
[Result "1-0"]
[WhiteTitle "FM"]
[BlackTitle "IM"]
[WhiteElo "2313"]
[BlackElo "2407"]
[WhiteFideId "13203088"]
[BlackFideId "5018625"]
[EventDate "2023.10.11"]

1. e4 e6 2. d4 d5 3. Nc3 Bb4 4. Ne2 dxe4 5. a3 Bxc3+ 6. Nxc3 Nc6 7. Bf4 Nf6 8.
Bb5 Nd5 9. Bxc6+ bxc6 10. Bd2 Rb8 11. Nxe4 O-O 12. O-O Ba6 13. Re1 Rxb2 14. c4
Nb6 15. Bc3 Nxc4 16. Bxb2 Nxb2 17. Qd2 Nd3 18. Re3 Qxd4 19. Rd1 Rd8 20. Qa5 Qb6
21. Qg5 Qd4 22. Qa5 Qb6 23. Qc3 Kf8 24. Nc5 Qxc5 25. Qxc5+ Nxc5 26. Rxd8+ Ke7
27. Ra8 Bb5 28. Rxa7 Kd6 29. Ra8 h5 30. Rf3 f5 31. Rd8+ Ke5 32. Re3+ Kf6 33.
Rf8+ Ke7 34. Rxf5 1-0

[Event "Qatar Masters Open 2023"]
[Site "Doha QAT"]
[Date "2023.10.12"]
[Round "2.74"]
[White "Karthik, Rajaa"]
[Black "Song, Yuxin"]
[Result "1/2-1/2"]
[WhiteTitle "FM"]
[BlackTitle "WIM"]
[WhiteElo "2309"]
[BlackElo "2404"]
[WhiteFideId "25035215"]
[BlackFideId "8614300"]
[EventDate "2023.10.11"]

1. d4 Nf6 2. c4 e6 3. Nc3 Bb4 4. e3 O-O 5. Nf3 c5 6. Bd3 cxd4 7. exd4 d5 8. cxd5
exd5 9. O-O Bg4 10. Bg5 Bxc3 11. bxc3 Qd6 12. Qd2 Bxf3 13. gxf3 Nbd7 14. Kh1 Kh8
15. Rg1 Rfe8 16. Rab1 b6 17. Bf4 Qe6 18. Rge1 Qc6 19. Bb5 Rxe1+ 20. Qxe1 Qe6 21.
Qxe6 fxe6 22. Re1 Nf8 23. Bd6 Kg8 24. Bxf8 Kxf8 25. Rxe6 Rc8 26. Re3 a6 27. Ba4
b5 28. Bb3 a5 29. a3 b4 30. cxb4 axb4 31. axb4 1/2-1/2

[Event "Qatar Masters Open 2023"]
[Site "Doha QAT"]
[Date "2023.10.12"]
[Round "2.75"]
[White "Garv, Gaur"]
[Black "Tomaszewski, Kacper"]
[Result "1/2-1/2"]
[WhiteTitle "FM"]
[BlackTitle "FM"]
[WhiteElo "2401"]
[BlackElo "2307"]
[WhiteFideId "45030839"]
[BlackFideId "1127373"]
[EventDate "2023.10.11"]

1. d4 g6 2. Nf3 Bg7 3. c4 d6 4. g3 c5 5. d5 b5 6. cxb5 Qa5+ 7. Nc3 a6 8. b6 Qxb6
9. Bg2 Nf6 10. O-O O-O 11. h3 Nbd7 12. Rb1 a5 13. Re1 a4 14. Nxa4 Qb4 15. Nc3
Ne4 16. Nxe4 Qxe4 17. Bf4 Qa4 18. Qxa4 Rxa4 19. a3 Ba6 20. Bg5 Re8 21. h4 h6 22.
Be3 Rb8 23. b4 cxb4 24. axb4 Raxb4 25. Rbc1 Nf6 26. Nd4 Nxd5 27. Nc6 Nxe3 28.
Nxb8 Rxb8 29. fxe3 Bf6 30. Kf2 Kg7 1/2-1/2

[Event "Qatar Masters Open 2023"]
[Site "Doha QAT"]
[Date "2023.10.12"]
[Round "2.76"]
[White "Banh Gia Huy"]
[Black "Liu, Yi"]
[Result "0-1"]
[WhiteTitle "FM"]
[BlackTitle "FM"]
[WhiteElo "2397"]
[BlackElo "2301"]
[WhiteFideId "12424714"]
[BlackFideId "3210588"]
[EventDate "2023.10.11"]

1. e4 e6 2. d4 d5 3. Nc3 Nf6 4. Bg5 dxe4 5. Nxe4 Be7 6. Nxf6+ Bxf6 7. Bxf6 Qxf6
8. Nf3 O-O 9. Qd3 c5 10. O-O-O Rd8 11. Qe4 cxd4 12. Rxd4 Rxd4 13. Qxd4 Qxd4 14.
Nxd4 e5 15. Nb5 Nc6 16. Bc4 Kf8 17. Re1 f6 18. f4 Bd7 19. Nd6 exf4 20. Nxb7 Ne5
21. Nc5 Nxc4 22. Nxd7+ Kf7 23. Re4 Rc8 24. Rxf4 Ke6 25. Nf8+ Kf7 26. Nxh7 Ne5
27. Ng5+ Kg6 28. Nh3 Nd3+ 29. Kd2 Nxf4 30. Nxf4+ Kf5 31. Nd5 Ke5 32. Ne3 f5 33.
Kd3 Rh8 34. h3 Kf4 35. Nf1 Re8 36. Kd2 Ke5 0-1

[Event "Qatar Masters Open 2023"]
[Site "Doha QAT"]
[Date "2023.10.12"]
[Round "2.77"]
[White "Karamsetty, Jeevan"]
[Black "Mohammad Fahad, Rahman"]
[Result "1/2-1/2"]
[BlackTitle "IM"]
[WhiteElo "2300"]
[BlackElo "2396"]
[WhiteFideId "2025337"]
[BlackFideId "10207791"]
[EventDate "2023.10.11"]

1. e4 c5 2. Nc3 Nc6 3. Bb5 Nd4 4. Bc4 e6 5. Nge2 Nf6 6. O-O a6 7. a4 d5 8. exd5
exd5 9. Ba2 Bg4 10. h3 Bxe2 11. Nxe2 Ne6 12. Re1 Bd6 13. d4 O-O 14. Be3 c4 15.
c3 Qc7 16. Bb1 Rfe8 17. Qd2 Nh5 18. Bf5 Nf6 19. f4 Re7 20. Rf1 Rae8 21. Rf3 Nf8
22. Raf1 Ne4 23. Bxe4 Rxe4 24. Ng3 Rxe3 25. Rxe3 Bxf4 26. Nf5 Bxe3+ 27. Nxe3 Qd7
28. Nf5 Ne6 29. Qf2 Ng5 30. Nxg7 Nxh3+ 31. gxh3 Kxg7 32. Qf6+ Kg8 33. Qg5+ Kf8
34. Qh6+ Kg8 35. Qg5+ Kf8 36. Qh6+ Kg8 37. Qg5+ Kf8 1/2-1/2

[Event "Qatar Masters Open 2023"]
[Site "Doha QAT"]
[Date "2023.10.12"]
[Round "2.78"]
[White "Chan, Kim Yew"]
[Black "Arhan, Chethan Anand"]
[Result "1/2-1/2"]
[WhiteTitle "FM"]
[BlackTitle "FM"]
[WhiteElo "2292"]
[BlackElo "2395"]
[WhiteFideId "5717981"]
[BlackFideId "45062510"]
[EventDate "2023.10.11"]

1. d4 Nf6 2. c4 e6 3. g3 d5 4. Bg2 dxc4 5. Qa4+ Nbd7 6. Qxc4 c5 7. Nf3 a6 8. Qc2
b5 9. Ne5 Nd5 10. Nxd7 Qxd7 11. dxc5 Bb7 12. O-O Rc8 13. Rd1 Bxc5 14. Nc3 Qc7
15. Qb3 Nxc3 16. bxc3 Bxg2 17. Kxg2 Qe5 18. Qc2 O-O 19. Bb2 Bb6 20. a4 Rc4 21.
axb5 axb5 22. Qd3 h5 23. Qf3 h4 24. Ra6 Bc5 25. Rd7 Qg5 26. Ra8 Rxa8 27. Qxa8+
Kh7 28. Qf3 f6 29. Rb7 hxg3 30. hxg3 e5 31. e3 e4 32. Qf4 Qxf4 33. gxf4 b4 34.
cxb4 1/2-1/2

[Event "Qatar Masters Open 2023"]
[Site "Doha QAT"]
[Date "2023.10.12"]
[Round "2.79"]
[White "Bai, Adelard"]
[Black "Nandhidhaa, P V"]
[Result "1/2-1/2"]
[WhiteTitle "FM"]
[BlackTitle "WGM"]
[WhiteElo "2395"]
[BlackElo "2260"]
[WhiteFideId "16301188"]
[BlackFideId "5050847"]
[EventDate "2023.10.11"]

1. d4 Nf6 2. c4 g6 3. g3 Bg7 4. Bg2 d6 5. Nc3 O-O 6. Nf3 Nc6 7. O-O e5 8. d5 Ne7
9. e4 Nd7 10. Ne1 b6 11. Be3 f5 12. Qd2 Nf6 13. f3 h5 14. Nd3 h4 15. gxh4 f4 16.
Bf2 a5 17. Rfc1 Nh7 18. Kf1 Bf6 19. Ke2 Kf7 20. Rg1 Rh8 21. Nb5 Nf8 22. Qc3 Bd7
23. Rac1 Nc8 24. a3 Na7 25. b4 axb4 26. axb4 Nxb5 27. cxb5 Ra2+ 28. Rc2 Rxc2+
29. Qxc2 Bxh4 30. Bxh4 Rxh4 31. h3 Bxb5 32. Rc1 Qg5 33. Qxc7+ Nd7 34. Bf1 Qg1
35. Qxd6 Qe3+ 36. Kd1 Ba4+ 37. Rc2 Qxf3+ 38. Ke1 Qxe4+ 39. Re2 Qxd3 40. Qe6+ Kf8
41. Qd6+ Kf7 42. Qe6+ Kf8 43. Qd6+ Kf7 44. Qe6+ 1/2-1/2

[Event "Qatar Masters Open 2023"]
[Site "Doha QAT"]
[Date "2023.10.13"]
[Round "3.1"]
[White "Carlsen, Magnus"]
[Black "Muthaiah, AL"]
[Result "1-0"]
[WhiteTitle "GM"]
[BlackTitle "IM"]
[WhiteElo "2839"]
[BlackElo "2470"]
[WhiteFideId "1503014"]
[BlackFideId "5092442"]
[EventDate "2023.10.11"]

1. e4 e5 2. Nf3 Nf6 3. Nxe5 d6 4. Nf3 Nxe4 5. d3 Nf6 6. d4 g6 7. Bd3 Bg7 8. O-O
O-O 9. h3 b6 10. c4 Bb7 11. Nc3 Re8 12. Be3 Nbd7 13. Re1 h6 14. d5 Nc5 15. Bc2
c6 16. Qd2 cxd5 17. cxd5 Nfe4 18. Nxe4 Nxe4 19. Bxe4 Rxe4 20. Bxh6 Rxe1+ 21.
Rxe1 Bxh6 22. Qxh6 Bxd5 23. Nd4 Qf6 24. Qd2 Rc8 25. a3 a6 26. Re3 Kg7 27. Ne2
Bc4 28. Ng3 d5 29. b3 Bb5 30. a4 Bd7 31. Ne2 Be6 32. Nd4 a5 33. Kh2 Qf4+ 34. g3
Qf6 35. Kg2 Bd7 36. g4 Re8 37. Rxe8 Bxe8 38. Qe3 Bd7 39. Nf3 Bc6 40. g5 Qd6 41.
Qxb6 d4 42. Kf1 Kg8 43. Qxd4 Qe6 44. Ne5 Qxh3+ 45. Ke1 Qh1+ 46. Kd2 Bf3 47. Nd7
Qd1+ 48. Ke3 Qxb3+ 49. Kf4 Bc6 50. Nf6+ Kg7 51. Nh5+ Kf8 52. Qd6+ Kg8 53. Qd8+ 1-0

[Event "Qatar Masters Open 2023"]
[Site "Doha QAT"]
[Date "2023.10.13"]
[Round "3.3"]
[White "Giri, Anish"]
[Black "Aditya, Mittal"]
[Result "1/2-1/2"]
[WhiteTitle "GM"]
[BlackTitle "GM"]
[WhiteElo "2760"]
[BlackElo "2572"]
[WhiteFideId "24116068"]
[BlackFideId "35042025"]
[EventDate "2023.10.11"]

1. e4 c5 2. Nf3 e6 3. c3 d5 4. e5 d4 5. d3 Nc6 6. g3 Nge7 7. Bg2 Ng6 8. Qe2 Qc7
9. Na3 Bd7 10. Nb5 Qb8 11. cxd4 a6 12. Na3 cxd4 13. Nc4 Bb4+ 14. Bd2 Bxd2+ 15.
Kxd2 Ra7 16. a4 b5 17. axb5 axb5 18. Nd6+ Ke7 19. h4 Qa8 20. Rxa7 Qxa7 21. Rc1
f6 22. exf6+ gxf6 23. Ne4 Rc8 24. h5 Nge5 25. Nxe5 Qa5+ 26. Kd1 Qa4+ 27. Qc2
Nxe5 28. Qxa4 Rxc1+ 29. Kxc1 bxa4 30. Nc5 Bb5 31. Kd2 f5 32. f4 Nd7 33. Nb7 h6
34. Bf3 e5 35. fxe5 Nxe5 36. Bd1 Nd7 37. Bf3 Ne5 1/2-1/2

[Event "Qatar Masters Open 2023"]
[Site "Doha QAT"]
[Date "2023.10.13"]
[Round "3.5"]
[White "Kaidanov, Gregory"]
[Black "Sindarov, Javokhir"]
[Result "0-1"]
[WhiteTitle "GM"]
[BlackTitle "GM"]
[WhiteElo "2554"]
[BlackElo "2658"]
[WhiteFideId "2008564"]
[BlackFideId "14205483"]
[EventDate "2023.10.11"]

1. e4 c5 2. Nf3 Nc6 3. d4 cxd4 4. Nxd4 Nf6 5. Nc3 e6 6. a3 Be7 7. Nxc6 bxc6 8.
e5 Nd5 9. Qg4 g6 10. Qg3 d6 11. Ne4 dxe5 12. c4 Nf4 13. Qc3 O-O 14. Qxe5 Nd3+
15. Bxd3 Qxd3 16. Nf6+ Bxf6 17. Qxf6 Rd8 18. Bh6 Qe4+ 19. Be3 Ba6 20. O-O Bxc4
21. Rfe1 Bd5 22. f3 Qf5 23. Bd4 Qxf6 24. Bxf6 Rdb8 25. Re2 h6 26. h4 Kh7 27. Kf2
Rb5 28. Rc1 Rg8 29. g4 g5 30. h5 Rgb8 31. Re3 Rxb2+ 32. Bxb2 Rxb2+ 33. Re2 Rb3
34. Re3 Rb2+ 35. Re2 Rb3 36. Re3 Rb5 37. Rec3 Kg7 38. Rc5 Rb6 39. R1c3 Ra6 40.
Re3 f6 41. Rc2 Rb6 42. Rc5 a6 43. Ra5 Kf7 44. Rc3 Ke7 45. Ra4 Kd6 46. Rb4 Rb5
47. Rc1 Ra5 48. Rc3 Kc7 49. f4 c5 50. fxg5 fxg5 51. Rb1 Kd6 52. Rb8 Ke5 53. Rh8
Kd4 54. Rg3 c4 55. Rxh6 c3 56. Rh8 Rc5 57. Rg1 c2 58. Rc1 Kd3 59. Ke1 Rc4 60. h6
Rxg4 61. Rxc2 Rg1+ 62. Kf2 Rg2+ 63. Kf1 Rxc2 0-1

[Event "Qatar Masters Open 2023"]
[Site "Doha QAT"]
[Date "2023.10.13"]
[Round "3.6"]
[White "Narayanan, S.L."]
[Black "Suleymenov, Alisher"]
[Result "1-0"]
[WhiteTitle "GM"]
[BlackTitle "GM"]
[WhiteElo "2651"]
[BlackElo "2512"]
[WhiteFideId "5058422"]
[BlackFideId "13707833"]
[EventDate "2023.10.11"]

1. Nf3 Nf6 2. c4 g6 3. Nc3 d5 4. cxd5 Nxd5 5. h4 Bg7 6. h5 Nc6 7. g3 Bg4 8. h6
Bxc3 9. bxc3 Bxf3 10. exf3 Qd6 11. Qb3 O-O-O 12. Be2 f5 13. Rb1 Nb6 14. d3 Qf6
15. a4 g5 16. Bb2 a5 17. Ba3 Rd5 18. d4 e5 19. Bc5 Qd8 20. Bxb6 cxb6 21. Bc4 Rd6
22. Be6+ Kb8 23. d5 Ne7 24. c4 Qc7 25. O-O f4 26. Rfe1 fxg3 27. fxg3 Rf8 28. Qd3
Nc6 29. Kg2 Nd4 30. Rxe5 Nxf3 31. Rf1 g4 32. Re4 Rdd8 33. Qe3 Rfe8 34. Rxg4 Ne5
35. Rg7 Qd6 36. Qe4 Ka7 37. Qxh7 Rb8 38. Qe4 Rf8 39. Rxf8 Rxf8 40. Rg8 Rxg8 41.
Bxg8 Qf6 42. h7 Nd7 43. Qh4 Qh8 44. d6 Ne5 45. Qd4 Qf6 46. Bd5 1-0